Complete reference office XP (Record no. 7831)

MARC details
000 -LEADER
fixed length control field 00290nam a2200121Ia 4500
008 - FIXED-LENGTH DATA ELEMENTS--GENERAL INFORMATION
fixed length control field 191201s2010 xx 000 0 und d
100 ## - MAIN ENTRY--PERSONAL NAME
Personal name NELSON, Stephen L
245 #0 - TITLE STATEMENT
Title Complete reference office XP
250 ## - EDITION STATEMENT
Edition statement Rep
260 ## - PUBLICATION, DISTRIBUTION, ETC. (IMPRINT)
Date of publication, distribution, etc 2010
Name of publisher, distributor, etc TMH
Place of publication, distribution, etc NEW DELHI
300 ## - PHYSICAL DESCRIPTION
Extent 1002
942 ## - ADDED ENTRY ELEMENTS (KOHA)
Source of classification or shelving scheme Dewey Decimal Classification
Koha item type Text Books
942 ## - ADDED ENTRY ELEMENTS (KOHA)
-- 2
Holdings
Withdrawn status Lost status Source of classification or shelving scheme Damaged status Not for loan Collection code Home library Current library Date acquired Source of acquisition Cost, normal purchase price Bill Number Total Checkouts Full call number Acc. no. / Barcode Date last seen Actual Cost, discounted price Bill Date Koha item type Date last borrowed
    Dewey Decimal Classification     BCA PIET C-LIBRARY PIET C-LIBRARY 29/09/2012 IBH, New Delhi 725.00 12628   005.3 NEC BC359 04/12/2019 466.32 29/09/2012 Text Books  
    Dewey Decimal Classification     BCA PIET C-LIBRARY PIET C-LIBRARY 29/09/2012 IBH, New Delhi 725.00 12628   005.3 NEC BC360 04/12/2019 466.32 29/09/2012 Text Books  
    Dewey Decimal Classification     BCA PIET C-LIBRARY PIET C-LIBRARY 29/09/2012 IBH, New Delhi 725.00 12628 2 005.3 NEC BC361 16/12/2025 466.32 29/09/2012 Text Books 24/11/2025
    Dewey Decimal Classification     BCA PIET C-LIBRARY PIET C-LIBRARY 29/09/2012 IBH, New Delhi 725.00 12628   005.3 NEC BC362 04/12/2019 466.32 29/09/2012 Text Books  
    Dewey Decimal Classification     BCA PIET C-LIBRARY PIET C-LIBRARY 29/09/2012 IBH, New Delhi 725.00 12628 1 005.3 NEC BC363 04/10/2022 466.32 29/09/2012 Text Books 22/09/2022
    Dewey Decimal Classification     BCA PIET C-LIBRARY PIET C-LIBRARY 29/09/2012 IBH, New Delhi 725.00 12628   005.3 NEC BC364 04/12/2019 466.32 29/09/2012 Text Books  

Design & Developed by: PIET Central Library
R70 Miles Stone Pattikalyana Samalkha Panipat 132102
mail ID :- [email protected], Phone No:- 0180-2569700 Ex.216